000 02796cam a2200397 i 4500
001 768714001
003 CO-MdFUSB
005 20220701120217.0
007 ta
008 180226t2011 ne rb 001 0 eng
020 _a9058540200
040 _aTNK
_beng
_erda
_cCO-MdFUSB
_dOCLCF
_dOCLCQ
_dUtOrBLW
041 _aeng
082 _223
_a220.1309
_bR397
100 1 _aRendtorff, Rolf,
_d1925-2014,
_eauto.
240 1 0 _aTheologie des Alten Testaments.
245 1 4 _aThe canonical Hebrew Bible :
_ba theology of the Old Testament /
_cRolf Rendtorff ; traducido por David E. Orton.
264 1 _aBlandford Forum, UK :
_bDeo Publishing,
_c[2011]
264 4 _c© 2011
300 _a813 páginas ;
_c24 cm.
336 _atexto
_btxt
_2rdacontent.
337 _asin mediación
_bn
_2rdamedia.
338 _avolumen
_bnc
_2rdacarrier.
490 1 _aTools for biblical study,
500 _aEdición en inglés publicada originalmente: 2005
504 _aIncluye referencias bibliográficas (páginas 757-781) e índices.
505 _aEl Antiguo Testamento como canon -- El Pentateuco -- Los "primeros profetas" -- Los "últimos profetas" -- Los Escritos -- Temas del Antiguo Testamento -- El mundo como creación de Dios -- Pacto y elección -- Los padres de Israel -- La tierra prometida y encomendada -- El primer y segundo éxodo -- El centro de la vida de Israel : la Torá -- El lugar de la vida ante Dios : el culto -- Moisés -- El reinado de David -- Sión -- Hablando de Dios -- Israel en conflicto -- Profecía -- Israel en adoración y oración -- La sabiduría de Israel -- Israel, las naciones y los dioses -- ¿Cómo ve Israel su pasado? -- ¿Qué espera Israel en el futuro? -- La hermenéutica de una teología veterotestamentaria -- Consideraciones metodológicas -- Teología judía y cristiana de la Biblia hebrea/Antiguo Testamento.
520 _aBasado en la investigación y el pensamiento creativo de toda una vida, este es el trabajo culminante de un erudito de la Biblia hebrea / Antiguo Testamento de renombre internacional. La Parte I proporciona un interesante comentario continuo sobre el texto desde una perspectiva canónica de forma final, y la Parte II trata una variedad de temas, que incluyen: la creación, el pacto y la elección, los patriarcas, la tierra prometida, la torá, el culto, Moisés. , David, Sión, lenguaje sobre Dios, profecía, sabiduría, conciencia histórica de Israel, hermenéutica, teología judía y cristiana de la Biblia hebrea. Esta es una contribución sobresaliente al campo.
563 _aRústico
630 7 _aBiblia.
_pAntiguo Testamento
_xTeología
700 1 _aOrton, David E.,
_etraductor
830 0 _aTools for biblical study ;
_v7.
942 _cBK
945 _aJTF-925
999 _c67675
_d67675